Normal view
MARC view
Entry Personal Name
001 - CONTROL NUMBER
- control field: 2264
003 - CONTROL NUMBER IDENTIFIER
- control field: OSt
005 - DATE AND TIME OF LATEST TRANSACTION
- control field: 20211028141354.0
008 - FIXED-LENGTH DATA ELEMENTS
- fixed length control field: 211028|| aca||aabn | a|a d
040 ## - CATALOGING SOURCE
- Original cataloging agency: OSt
- Transcribing agency: OSt
100 ## - HEADING--PERSONAL NAME
- Personal name: Smitha, H R;D Souza, Anil Prakash.
- Miscellaneous information: 92183
670 ## - SOURCE DATA FOUND
- Source citation: Work cat.: (OSt): Smitha, H R;D Souza, Anil Prakash. 92183, Fuel pump test plan automation software, 2003